|
|
|
|
| LEADER |
00000nam a2200000Ii 4500 |
| 001 |
DIGEDUNAV0415 |
| 003 |
NyNyDIG |
| 006 |
m o d |
| 007 |
cr ||||||||||| |
| 008 |
220610s2008 sp o 000 0 spa d |
| 035 |
|
|
|a (OCoLC)1333701179
|
| 040 |
|
|
|a DGITA
|b eng
|e rda
|e pn
|c DGITA
|
| 020 |
|
|
|z 9788431325145
|
| 041 |
1 |
|
|a spa
|h lat
|
| 050 |
1 |
4 |
|a BX1749.P4 ebook
|
| 100 |
0 |
|
|a Thomas,
|c Aquinas, Saint,
|d 1225?-1274,
|e author.
|
| 240 |
1 |
0 |
|a Scriptum super IV libros Sententiarum.
|l Spanish
|s (Cruz Cruz)
|
| 245 |
1 |
0 |
|a Comentario a las Sentencias de Pedro Lombardo.
|n Volumen II/2,
|p El libre arbitrio y el pecado /
|c Tomás de Aquino ; edición preparada por Juan Cruz Cruz ; traducción dirigida y revisada por Juan Cruz Cruz.
|
| 246 |
3 |
0 |
|a Libre arbitrio y el pecado
|
| 264 |
|
1 |
|a Pamplona, España :
|b EUNSA, Ediciones Universidad de Navarra,
|c [2008]
|
| 300 |
|
|
|a 1 online resource.
|
| 336 |
|
|
|a text
|b txt
|2 rdacontent
|
| 337 |
|
|
|a computer
|b c
|2 rdamedia
|
| 338 |
|
|
|a online resource
|b cr
|2 rdacarrier
|
| 347 |
|
|
|a text file
|2 rdaft
|
| 347 |
|
|
|b PDF
|
| 490 |
1 |
|
|a Colección de pensamiento medieval y renacentista ;
|v no. 38
|
| 588 |
0 |
|
|a Online resource; title from PDF title page (Digitalia, viewed June 10, 2022)
|
| 600 |
0 |
0 |
|a Peter Lombard,
|c Bishop of Paris,
|d approximately 1100-1160.
|t Sententiarum libri IV.
|
| 650 |
|
0 |
|a Catholic Church
|x Doctrines
|v Early works to 1800.
|
| 650 |
|
0 |
|a Theology, Doctrinal
|v Early works to 1800.
|
| 655 |
|
0 |
|a Electronic books.
|
| 700 |
1 |
|
|a Cruz Cruz, Juan,
|e contributor agent of text,
|e translator.
|
| 700 |
1 |
|
|i Translation of:
|a Thomas,
|c Aquinas, Saint,
|d 1225?-1274.
|t Scriptum super IV libros Sententiarum.
|
| 791 |
2 |
|
|a Digitalia (Firm),
|e distributor.
|
| 793 |
0 |
|
|g Digitalia eBook Collection:
|a Ediciones Universidad de Navarra
|
| 776 |
0 |
8 |
|i Print version:
|a Thomas, Aquinas, Saint, 1225?-1274.
|s Scriptum super IV libros Sententiarum. Spanish (Cruz Cruz).
|t Comentario a las Sentencias de Pedro Lombardo.
|b Primera edición.
|d Pamplona, España : EUNSA, Ediciones Universidad de Navarra, [2008]
|z 9788431325145
|
| 830 |
|
0 |
|a Colección de pensamiento medieval y renacentista ;
|v núm. 38.
|
| 856 |
4 |
0 |
|3 Digitalia Hispánica
|u https://www.digitaliapublishing.com/a/51633/
|
| 910 |
|
|
|a Premium collection: 2022
|